000 00647nam a22001937a 4500
999 _c187112
_d187112
005 20220331164825.0
010 _aENG-132188
020 _a9789383959907
_c235.00
035 _aEN-115720
037 _bDBAD/PUB
082 _a005.432
100 _aLakshminadh, K.
245 _aLinux Programming/
_cK. Lakshminadh [et.al...]
260 _aHyderabad
_bSrikrishna Techno Books
_c2021
270 _a#326, III Floor, Surneni Nilayam Near B K Guda Park, S R Nagar
_mstudentshelpline.in@gmail.com
_e500038
_bHyderabad
300 _aviii, 256p.
_c24cm(pbk)
700 _aLakshminadh, K. [et.al...]
942 _2ddc
_cEN
_mLAK
_h005.432